Normal view
MARC view
Entry Personal Name
001 - CONTROL NUMBER
- control field: 757708
003 - CONTROL NUMBER IDENTIFIER
- control field: OSt
005 - DATE AND TIME OF LATEST TRANSACTION
- control field: 20250508150818.0
008 - FIXED-LENGTH DATA ELEMENTS
- fixed length control field: 250508|| aca||aabn | a|a d
040 ## - CATALOGING SOURCE
- Original cataloging agency: OSt
- Transcribing agency: OSt
100 ## - HEADING--PERSONAL NAME
- Personal name: Fife Robert Herndon
670 ## - SOURCE DATA FOUND
- Source citation: Work cat.: (OSt)1325811: Fife Robert Herndon, Analytical bibliography of modern language tecahing 1937-1942. Vol 3 Complied by Clara Breslove King and Clare Balluff, 1949
